000 00317pab a2200133 454500
008 180718b1987 xxu||||| |||| 00| 0 eng d
245 _aSymposium on tax reform
260 _c1987
300 _a7-120
362 _aSummer
650 _aTaxation - U.S.A.
773 _aJournal of Economic Perspective
909 _a19062
999 _c19062
_d19062